[Event "General Pico 113 Anniv sf U1700/2300"]
[Site "General Pico"]
[Date "2018.11.02"]
[Round "2.4"]
[White "Fernandez, Maria Florencia"]
[Black "Mansilla, Martin"]
[Result "1/2-1/2"]
[WhiteElo "2198"]
[BlackElo "2136"]
[PlyCount "111"]
[EventDate "2018.11.02"]
[EventType "swiss"]
[EventRounds "6"]
[EventCountry "ARG"]
[SourceTitle "EXT 2024"]
[Source "ChessBase"]
[SourceDate "2023.10.10"]
[SourceVersion "1"]
[SourceVersionDate "2023.10.10"]
[SourceQuality "1"]

1. d4 Nf6 2. c4 e6 3. Nc3 Bb4 4. a3 Bxc3+ 5. bxc3 b6 6. f3 Nc6 7. e4 d6 8. Bd3 Na5 9. Bg5 h6 10. Bh4 Ba6 11. f4 Qd7 12. e5 Ng8 13. Qf3 Bb7 14. Qe2 Ne7 15. Nf3 0-0-0 16. 0-0 Rde8 17. exd6 cxd6 18. c5 Nd5 19. Bb5 Bc6 20. Ba6+ Bb7 21. cxd6 Qxd6 22. Ne5 Rhf8 23. Bxb7+ Nxb7 24. Bg3 f5 25. a4 Na5 26. c4 Nc3 27. Qe3 Qxd4 28. Bf2 Qxe3 29. Bxe3 Ne4 30. c5 bxc5 31. Rab1 Nb7 32. Rfc1 Kc7 33. a5 a6 34. Nc4 Rb8 35. Rb6 Nd8 36. Rxa6 Nc6 37. Ne5 Nxe5 38. fxe5 Rb5 39. Rxe6 Rxa5 40. Re7+ Kc6 41. Rxg7 f4 42. Rg4 Ng3 43. Re1 fxe3 44. Rxg3 e2 45. Re3 Rf1+ 46. Rxf1 exf1Q+ 47. Kxf1 Kd7 48. e6+ Ke7 49. Kf2 Ra6 50. Re5 Rc6 51. Rh5 c4 52. Rxh6 c3 53. Rh7+ Ke8 54. Rh8+ Ke7 55. Rh7+ Ke8 56. Rh8+ 1/2-1/2

[Event "ARG-ch Amateur U2300"]
[Site "Suipacha"]
[Date "2017.11.18"]
[Round "3.4"]
[White "Seia, Diego"]
[Black "Mansilla, Martin"]
[Result "1/2-1/2"]
[WhiteElo "2200"]
[BlackElo "2131"]
[PlyCount "43"]
[EventDate "2017.11.17"]
[EventType "swiss"]
[EventRounds "8"]
[EventCountry "ARG"]
[SourceTitle "EXT 2024"]
[Source "ChessBase"]
[SourceDate "2023.10.10"]
[SourceVersion "1"]
[SourceVersionDate "2023.10.10"]
[SourceQuality "1"]

1. d4 Nf6 2. c4 e6 3. g3 Bb4+ 4. Bd2 c5 5. Bxb4 cxb4 6. Bg2 0-0 7. Nf3 d6 8. 0-0 Qc7 9. Nbd2 a5 10. Rc1 Na6 11. e4 e5 12. h3 b6 13. Qc2 Bb7 14. Rfe1 Rfe8 15. d5 Rac8 16. Qd3 Nc5 17. Qe3 Ba6 18. Bf1 Qe7 19. Nh4 g6 20. Be2 Rf8 21. Kh2 Rc7 22. Rf1 1/2-1/2

[Event "La Pampa Centro de la Republica "]
[Site "La Pampa"]
[Date "2015.10.11"]
[Round "4.1"]
[White "Saitua, Guillermo Alberto"]
[Black "Mansilla, Martin"]
[Result "1-0"]
[WhiteElo "1981"]
[BlackElo "2142"]
[PlyCount "77"]
[EventDate "2015.10.09"]
[EventType "team-swiss"]
[EventRounds "6"]
[EventCountry "ARG"]
[SourceTitle "CBM 168 Extra"]
[Source "ChessBase"]
[SourceDate "2015.10.29"]
[SourceVersion "1"]
[SourceVersionDate "2015.10.29"]
[SourceQuality "1"]
[WhiteTeam "Elece Creaciones Masculinas"]
[BlackTeam "Dzero Resto Bar"]
[WhiteTeamCountry "ARG"]
[BlackTeamCountry "ARG"]

1. d4 Nf6 2. Nf3 e6 3. e3 c5 4. Bd3 b6 5. Nbd2 Bb7 6. b3 Be7 7. Bb2 0-0 8. 0-0 cxd4 9. exd4 d6 10. c4 Nbd7 11. Qe2 Re8 12. Rfd1 Qc7 13. Rac1 a6 14. Nf1 Rac8 15. b4 Qb8 16. a3 Qa8 17. Ng3 Bf8 18. Re1 Bc6 19. Bb1 b5 20. c5 Nd5 21. Bxh7+ Kxh7 22. Ng5+ Kg8 23. Qh5 N5f6 24. Qxf7+ Kh8 25. N3e4 Re7 26. Qg6 Ne5 27. Nf7+ Rxf7 28. dxe5 Nxe4 29. Qxf7 dxc5 30. Qxe6 Ng5 31. Qg6 Be7 32. e6 Rg8 33. Rxc5 Be8 34. Qh6+ Nh7 35. Rf5 Bf6 36. Rxf6 gxh6 37. Rf7+ Rg7 38. Rxg7 Qd8 39. Rg6+ 1-0

[Event "Buenos Aires La Porta Cup"]
[Site "Buenos Aires"]
[Date "2014.12.15"]
[Round "3"]
[White "Pierrot, Juan Facundo"]
[Black "Mansilla, Martin"]
[Result "1-0"]
[WhiteElo "2373"]
[BlackElo "2089"]
[PlyCount "79"]
[EventDate "2014.12.13"]
[EventType "swiss"]
[EventRounds "9"]
[EventCountry "ARG"]
[SourceTitle "EXT 2016"]
[Source "ChessBase"]
[SourceDate "2015.10.08"]
[SourceVersion "1"]
[SourceVersionDate "2015.10.08"]
[SourceQuality "1"]

1. d4 Nf6 2. c4 e6 3. Nf3 Bb4+ 4. Bd2 a5 5. g3 d5 6. Qc2 Nc6 7. Bg2 dxc4 8. Qxc4 Qd5 9. Qd3 Qe4 10. Qxe4 Nxe4 11. 0-0 Nxd2 12. Nbxd2 Bxd2 13. Nxd2 Nxd4 14. e3 Nf5 15. Rfc1 Kd8 16. Rc5 c6 17. Nc4 Ke7 18. Nxa5 Rd8 19. b4 Kf8 20. Rc2 e5 21. a4 Ne7 22. Nc4 f6 23. a5 Be6 24. Nb6 Rab8 25. Rb2 Nd5 26. Na4 Nc7 27. h4 Bc4 28. Nc5 Na6 29. Rc2 Nxc5 30. Rxc4 Nb3 31. Ra2 Rd2 32. Rxd2 Nxd2 33. Rc2 Rd8 34. b5 cxb5 35. Bxb7 e4 36. Kg2 Nf3 37. Rc1 Nd2 38. a6 b4 39. a7 b3 40. Rd1 1-0

[Event "ARG-ch 87th"]
[Site "Villa Martelli"]
[Date "2013.04.03"]
[Round "1"]
[White "Mansilla, Martin"]
[Black "Liascovich, Lucas"]
[Result "0-1"]
[WhiteElo "2071"]
[BlackElo "2410"]
[PlyCount "50"]
[EventDate "2013.04.03"]
[EventType "swiss"]
[EventRounds "11"]
[EventCountry "ARG"]
[SourceTitle "CBM 153 Extra"]
[Source "ChessBase"]
[SourceDate "2013.04.22"]
[SourceVersion "1"]
[SourceVersionDate "2013.04.22"]
[SourceQuality "1"]

1. c4 e5 2. Nc3 Nf6 3. Nf3 Nc6 4. g3 d5 5. cxd5 Nxd5 6. Bg2 Nb6 7. 0-0 Be7 8. a3 f6 9. b4 Bg4 10. h3 Be6 11. d3 Qd7 12. Kh2 a5 13. b5 Nd4 14. Nd2 Nd5 15. Nxd5 Bxd5 16. Bxd5 Qxd5 17. a4 0-0-0 18. b6 c6 19. e4 Qd7 20. Nc4 Bb4 21. Ba3 Ne6 22. Bxb4 axb4 23. Qb3 Ng5 24. d4 Qxh3+ 25. Kg1 Rxd4 0-1

[Event "ARG-ch 86th"]
[Site "La Plata"]
[Date "2012.07.07"]
[Round "5"]
[White "Lujan, Carolina"]
[Black "Mansilla, Martin"]
[Result "1-0"]
[WhiteElo "2367"]
[BlackElo "2037"]
[PlyCount "77"]
[EventDate "2012.07.04"]
[EventType "swiss"]
[EventRounds "11"]
[EventCountry "ARG"]
[SourceTitle "CBM 149 Extra"]
[Source "ChessBase"]
[SourceDate "2012.08.24"]
[SourceVersion "1"]
[SourceVersionDate "2012.08.24"]
[SourceQuality "1"]

1. e4 c6 2. Nf3 d5 3. exd5 cxd5 4. Ne5 Nf6 5. d4 g6 6. Bb5+ Nbd7 7. 0-0 Bg7 8. h3 0-0 9. Nc3 a6 10. Ba4 Nb6 11. Bb3 Bf5 12. g4 Bd7 13. f4 e6 14. g5 Ne8 15. Ne2 f6 16. Nd3 Nd6 17. c3 Nbc4 18. Ng3 b5 19. h4 Rc8 20. Qf3 Bc6 21. Qg2 Nf5 22. Nxf5 exf5 23. h5 fxg5 24. fxg5 Re8 25. Bf4 Re4 26. Rae1 Qe7 27. Ne5 Nxe5 28. Rxe4 Nf3+ 29. Qxf3 fxe4 30. Qh3 Re8 31. h6 Bf8 32. Qg3 Qe6 33. Be5 Be7 34. Rf4 Rf8 35. Rxe4 Qf5 36. Re1 Qxg5 37. Qxg5 Bxg5 38. Bg7 Rf7 39. Bxd5 1-0